<?xml version="1.0" encoding="UTF-8"?>
<record
    xmlns:xsi="http://www.w3.org/2001/XMLSchema-instance"
    xsi:schemaLocation="http://www.loc.gov/MARC21/slim http://www.loc.gov/standards/marcxml/schema/MARC21slim.xsd"
    xmlns="http://www.loc.gov/MARC21/slim">

  <leader>02678cam a2200289 i 4500</leader>
  <controlfield tag="001">17324779</controlfield>
  <controlfield tag="005">20150113145723.0</controlfield>
  <controlfield tag="008">120530s2013    xxka   frb   f001 0 eng d</controlfield>
  <datafield tag="010" ind1=" " ind2=" ">
    <subfield code="a">2012021830</subfield>
  </datafield>
  <datafield tag="020" ind1=" " ind2=" ">
    <subfield code="a">9780521764834 (hardback)</subfield>
  </datafield>
  <datafield tag="040" ind1=" " ind2=" ">
    <subfield code="a">DLC</subfield>
    <subfield code="b">eng</subfield>
    <subfield code="e">rda</subfield>
    <subfield code="c">DLC</subfield>
    <subfield code="d">DLC</subfield>
    <subfield code="d">EG-ScBUE</subfield>
  </datafield>
  <datafield tag="082" ind1="0" ind2="0">
    <subfield code="a">621.381</subfield>
    <subfield code="2">22</subfield>
    <subfield code="b">JON</subfield>
  </datafield>
  <datafield tag="100" ind1="1" ind2=" ">
    <subfield code="a">Jones, T. B.</subfield>
    <subfield code="q">(Thomas Byron),</subfield>
    <subfield code="d">1944-</subfield>
    <subfield code="9">37138</subfield>
  </datafield>
  <datafield tag="245" ind1="1" ind2="0">
    <subfield code="a">Electromechanics and MEMS /</subfield>
    <subfield code="c">Thomas B. Jones, Nenad G. Nenadic.</subfield>
  </datafield>
  <datafield tag="260" ind1=" " ind2=" ">
    <subfield code="a">Cambridge, United Kingdom ;</subfield>
    <subfield code="a">New York, United States :</subfield>
    <subfield code="b">Cambridge University Press, </subfield>
    <subfield code="c">2013.</subfield>
  </datafield>
  <datafield tag="300" ind1=" " ind2=" ">
    <subfield code="a">xx, 559 p. :</subfield>
    <subfield code="b">ill. ;</subfield>
    <subfield code="c">26 cm.</subfield>
  </datafield>
  <datafield tag="500" ind1=" " ind2=" ">
    <subfield code="a">Includes appendixes.</subfield>
  </datafield>
  <datafield tag="500" ind1=" " ind2=" ">
    <subfield code="a">Index : p. 552-559.</subfield>
  </datafield>
  <datafield tag="504" ind1=" " ind2=" ">
    <subfield code="a">Includes bibliographical references.</subfield>
  </datafield>
  <datafield tag="505" ind1="8" ind2=" ">
    <subfield code="a">Machine generated contents note : 1. Introduction ; 2. Circuit-based modeling ; 3. Capacitive lumped parameter electromechanics ; 4. Small-signal capacitive electromechanical systems ; 5. Electromechanics of piezoelectric elements ; 6. Capacitive sensing and resonant drive circuits ; 7. Distributed 1D and 2D electromechanical structures ; 8. Practical MEMS : pressure transducers, accelerometers and gyroscopes ; 9. Electromechanics of magnetic MEMS devices ; A. Review of quasistatic electromagnetics ; B. Review of mechanical resonators; C. Brief survey of MEMS fabrication ; D. A brief review of solid mechanics ; E. Tables of M- and N-form transducer matrics ; F. Finite element analysis as applied to MEMS.</subfield>
  </datafield>
  <datafield tag="520" ind1=" " ind2=" ">
    <subfield code="a">"Offering a consistent, systematic approach to capacitive, piezoelectric and magnetic MEMS, from basic electromechanical transducers to high-level models for sensors and actuators, this comprehensive textbook equips graduate and senior-level undergraduate students with all the resources necessary to design and develop practical, system-level MEMS models. The concise yet thorough treatment of the underlying principles of electromechanical transduction provides a solid theoretical framework for this development, with each new topic related back to the core concepts. Repeated references to the shared commonalities of all MEMS encourage students to develop a systems-based design perspective. Extensive use is made of easy-to-interpret electrical and mechanical analogs, such as electrical circuits, electromechanical two-port models and the cascade paradigm. Each chapter features worked examples and numerous problems, all designed to test and extend students' understanding of the key principles"</subfield>
  </datafield>
  <datafield tag="650" ind1=" " ind2="0">
    <subfield code="a">Microelectromechanical systems</subfield>
    <subfield code="9">27647</subfield>
  </datafield>
  <datafield tag="653" ind1=" " ind2=" ">
    <subfield code="b">ENGELC</subfield>
    <subfield code="c">January2015</subfield>
  </datafield>
  <datafield tag="655" ind1=" " ind2=" ">
    <subfield code="v">reading book</subfield>
    <subfield code="9">34232</subfield>
  </datafield>
  <datafield tag="700" ind1="1" ind2=" ">
    <subfield code="a">Nenadic, Nenad G.</subfield>
    <subfield code="9">37139</subfield>
  </datafield>
  <datafield tag="942" ind1=" " ind2=" ">
    <subfield code="2">ddc</subfield>
    <subfield code="k">621.381 JON</subfield>
  </datafield>
  <datafield tag="999" ind1=" " ind2=" ">
    <subfield code="c">18867</subfield>
    <subfield code="d">18839</subfield>
  </datafield>
  <datafield tag="952" ind1=" " ind2=" ">
    <subfield code="0">0</subfield>
    <subfield code="1">0</subfield>
    <subfield code="2">ddc</subfield>
    <subfield code="4">0</subfield>
    <subfield code="7">0</subfield>
    <subfield code="8">Baccah</subfield>
    <subfield code="a">MAIN</subfield>
    <subfield code="b">MAIN</subfield>
    <subfield code="c">1ST</subfield>
    <subfield code="d">2015-01-13</subfield>
    <subfield code="e">purchase</subfield>
    <subfield code="g">525.00</subfield>
    <subfield code="h">21291</subfield>
    <subfield code="l">1</subfield>
    <subfield code="m">22</subfield>
    <subfield code="o">621.381 JON</subfield>
    <subfield code="p">000037289</subfield>
    <subfield code="r">2025-07-15 00:00:00</subfield>
    <subfield code="s">2016-10-19</subfield>
    <subfield code="v">656.00</subfield>
    <subfield code="y">BB</subfield>
  </datafield>
</record>
